[Event "25th Czech Rapid G1 2014"]
[Site "Pardubice CZE"]
[Date "2014.07.16"]
[Round "1.70"]
[White "Gadzhiev, Farid"]
[Black "Ageichenko, Genadi A"]
[Result "0-1"]
[BlackTitle "IM"]
[WhiteElo "1889"]
[BlackElo "2297"]
[WhiteFideId "24194450"]
[BlackFideId "4105222"]
[EventDate "2014.07.16"]

1. e4 c5 2. d4 cxd4 3. c3 d5 4. exd5 Qxd5 5. cxd4 Nc6 6. Nf3 e6 7. Nc3 Qd8 8.
Bd3 Nf6 9. O-O Be7 10. a3 O-O 11. Bf4 b6 12. Ne4 Bb7 13. Rc1 Nxd4 14. Nxf6+ Bxf6
15. Ne5 Bxe5 16. Bxe5 Qd5 17. Qg4 Qxe5 18. Rfe1 Qf6 19. Rc7 Bd5 20. Be4 Bxe4 21.
Qxe4 Rfd8 22. Rd7 Rxd7 23. Qxa8+ Qd8 24. Qe4 Rd5 25. h3 g6 26. b4 Qg5 27. Rd1
Qf4 0-1

[Event "25th Czech Rapid G1 2014"]
[Site "Pardubice CZE"]
[Date "2014.07.16"]
[Round "1.71"]
[White "Musaev, Rasul"]
[Black "Scherbakov, Mikhail"]
[Result "1-0"]
[WhiteTitle "FM"]
[WhiteElo "2281"]
[BlackElo "1854"]
[WhiteFideId "24146870"]
[BlackFideId "34130184"]
[EventDate "2014.07.16"]

1. e4 c5 2. Nf3 g6 3. d4 cxd4 4. Nxd4 Nc6 5. Nc3 Bg7 6. Be3 Nf6 7. Bc4 Qa5 8. f3
O-O 9. Qd2 Qb4 10. Nxc6 bxc6 11. Bb3 e6 12. O-O d5 13. a3 Qe7 14. Qf2 Nd7 15.
exd5 cxd5 16. Bxa7 Ba6 17. Rfe1 Qg5 18. Bd4 Ne5 19. Rad1 Qf4 20. Ne2 Bxe2 21.
Rxe2 Nc6 22. Bxg7 Kxg7 23. g3 Qf6 24. c3 Rfb8 25. Ba2 Ra5 26. Kg2 h5 27. h4 Ra4
28. Bb1 d4 29. Be4 e5 30. Bxc6 Qxc6 31. cxd4 exd4 32. Rxd4 Ra7 33. Rb4 Rxb4 34.
Qxa7 Rb3 35. Qd4+ Kg8 36. Qe4 Qb6 37. Qe8+ Kg7 38. Qe5+ Kg8 39. Rd2 Re3 40. Rd8+
Qxd8 41. Qxe3 Qd1 42. Qf2 Qb3 43. Qd2 Qa4 44. Qc1 Qb5 45. Qc2 Qa6 46. a4 Qb6 47.
Qc8+ Kg7 48. Qc3+ Kg8 49. b4 Qa6 50. Qc2 Qd6 51. b5 Qb4 52. Qa2 Qa5 53. Qc2 Qb4
54. Qa2 Qa5 55. Qb2 1-0

[Event "25th Czech Rapid G1 2014"]
[Site "Pardubice CZE"]
[Date "2014.07.16"]
[Round "2.1"]
[White "Pinter, Erik"]
[Black "Nisipeanu, Liviu-Dieter"]
[Result "0-1"]
[WhiteTitle "IM"]
[BlackTitle "GM"]
[WhiteElo "2354"]
[BlackElo "2686"]
[WhiteFideId "14902826"]
[BlackFideId "1202758"]
[EventDate "2014.07.16"]

1. e4 c5 2. Nf3 e6 3. c3 Nf6 4. Bd3 b6 5. O-O Bb7 6. Re1 Nc6 7. Bc2 Qc7 8. d3
Be7 9. Nbd2 O-O 10. Nf1 d6 11. Ng3 Rac8 12. Bf4 Ne5 13. Rc1 Nxf3+ 14. Qxf3 Nd7
15. Qe2 Rfe8 16. Ba4 Bc6 17. Bxc6 Qxc6 18. c4 b5 19. Rc2 bxc4 20. dxc4 Bf6 21.
Be3 Bd4 22. Qd1 Qb6 23. b3 g6 24. Bc1 a5 25. Ne2 a4 26. Rd2 axb3 27. axb3 e5 28.
Rd3 Nf8 29. Nc3 Bxc3 30. Rxc3 Ne6 31. Be3 Ra8 32. Rd3 Nd4 33. h4 Ra3 34. Bxd4
cxd4 35. Qc2 Rea8 36. Rb1 Ra2 37. Rb2 Ra1+ 38. Kh2 Qd8 39. g3 Qc8 40. Qe2 Qc6
41. h5 Rc1 42. h6 Raa1 43. Ra2 Rh1+ 44. Kg2 Rag1+ 45. Kf3 Re1 46. Qd1 0-1

[Event "25th Czech Rapid G1 2014"]
[Site "Pardubice CZE"]
[Date "2014.07.16"]
[Round "2.3"]
[White "Krapivin, Vladislav"]
[Black "Oparin, Grigoriy"]
[Result "0-1"]
[WhiteTitle "IM"]
[BlackTitle "GM"]
[WhiteElo "2321"]
[BlackElo "2550"]
[WhiteFideId "4126149"]
[BlackFideId "24125890"]
[EventDate "2014.07.16"]

1. e4 c5 2. Nc3 Nc6 3. g3 g6 4. Bg2 Bg7 5. d3 d6 6. f4 e6 7. Nf3 Nge7 8. O-O O-O
9. Be3 Nd4 10. e5 Nef5 11. Bf2 Bd7 12. Ne4 Nxf3+ 13. Bxf3 Bc6 14. g4 Bxe4 15.
dxe4 Nd4 16. c3 Nxf3+ 17. Qxf3 f5 18. exf5 gxf5 19. Rad1 d5 20. Bxc5 fxg4 21.
Qxg4 Rf5 22. Rf3 Qc7 23. Bd6 Qf7 24. Rdf1 Kh8 25. Kh1 Rg8 26. Rg3 Bh6 27. Qxg8+
Qxg8 28. Rxg8+ Kxg8 29. Bc5 Rxf4 30. Rg1+ Kf7 31. Bxa7 Ra4 32. Rf1+ Ke8 33. Bc5
Bg7 34. a3 Re4 35. Bd4 Bxe5 36. Bxe5 Rxe5 37. Rf4 Rg5 38. Rb4 Rg7 39. Rb6 e5 40.
Re6+ Re7 41. Rxe7+ Kxe7 42. a4 Kd6 43. Kg2 Kc5 44. b3 d4 45. cxd4+ exd4 46. Kf3
Kb4 47. Ke4 Kc3 0-1

[Event "25th Czech Rapid G1 2014"]
[Site "Pardubice CZE"]
[Date "2014.07.16"]
[Round "2.4"]
[White "Bryzgalin, Kirill"]
[Black "Kourousis, Epaminondas"]
[Result "1-0"]
[WhiteTitle "GM"]
[WhiteElo "2460"]
[BlackElo "2364"]
[WhiteFideId "4133285"]
[BlackFideId "4211626"]
[EventDate "2014.07.16"]

1. e4 c5 2. Nf3 Nc6 3. d4 cxd4 4. Nxd4 Qb6 5. Nb3 Nf6 6. Nc3 e6 7. a3 d6 8. Be3
Qc7 9. f4 a6 10. a4 b6 11. Bd3 Be7 12. O-O O-O 13. Kh1 Nb4 14. Qd2 d5 15. e5 Nd7
16. Nd4 Nc5 17. Nce2 Ne4 18. Bxe4 dxe4 19. c3 Nd3 20. Ng3 Bb7 21. Nh5 g6 22.
Nf6+ Bxf6 23. exf6 Qd8 24. Ne2 Qxf6 25. Bxb6 Qh4 26. Nd4 Rae8 27. Nb3 Qg4 28.
Nc1 f5 29. Nxd3 exd3 30. Rae1 e5 31. fxe5 f4 32. Rf2 f3 33. Qxd3 fxg2+ 34. Kg1
Rxf2 35. Bxf2 Qxa4 36. e6 Qc6 37. e7 Qd5 38. Qg3 Bc6 39. Bd4 Bb5 40. h3 Qc4 41.
Qxg2 Bc6 42. Qg3 Qd5 43. Re2 Qh1+ 44. Kf2 a5 45. Qe5 Qf3+ 46. Ke1 Kf7 47. Qg7# 1-0

[Event "25th Czech Rapid G1 2014"]
[Site "Pardubice CZE"]
[Date "2014.07.16"]
[Round "2.5"]
[White "Nun, Jiri"]
[Black "Vajda, Levente"]
[Result "0-1"]
[WhiteTitle "IM"]
[BlackTitle "GM"]
[WhiteElo "2351"]
[BlackElo "2569"]
[WhiteFideId "300179"]
[BlackFideId "1203975"]
[EventDate "2014.07.16"]

1. e4 e5 2. Nf3 Nc6 3. Bc4 Bc5 4. c3 Nf6 5. d4 exd4 6. cxd4 Bb4+ 7. Bd2 Bxd2+ 8.
Nbxd2 d5 9. exd5 Nxd5 10. Qb3 Nce7 11. O-O O-O 12. Rfe1 c6 13. a4 Rb8 14. Ne5
Be6 15. Ndf3 Nf5 16. a5 Nd6 17. Bf1 Nc7 18. Qe3 f6 19. Nd3 Re8 20. Qf4 Nd5 21.
Qc1 Bg4 22. Rxe8+ Qxe8 23. Nde1 Rd8 24. h3 Bh5 25. Ra3 a6 26. g3 Bg6 27. Bg2 Be4
28. Nh4 Nb5 29. Ra4 Bxg2 30. Nhxg2 Qe4 31. Qd2 Ndc7 32. Qe3 Re8 33. Qxe4 Rxe4
34. Nd3 Ne6 35. Ne3 Rxd4 36. Rxd4 Nbxd4 37. Nc4 Nb3 38. f4 Kf8 39. Kf2 Ke7 40.
Ke3 Nc7 41. Ke2 Nb5 42. Kd1 Nd6 43. Nxd6 Kxd6 44. Kc2 Nxa5 45. Kc3 c5 46. g4 Nc6
47. Nf2 Kd5 48. h4 b5 49. h5 h6 0-1

[Event "25th Czech Rapid G1 2014"]
[Site "Pardubice CZE"]
[Date "2014.07.16"]
[Round "2.6"]
[White "Mudrak, Josef"]
[Black "Babula, Vlastimil"]
[Result "0-1"]
[WhiteTitle "FM"]
[BlackTitle "GM"]
[WhiteElo "2350"]
[BlackElo "2549"]
[WhiteFideId "301116"]
[BlackFideId "301264"]
[EventDate "2014.07.16"]

1. d4 Nf6 2. Nf3 e6 3. g3 c5 4. Bg2 cxd4 5. Nxd4 Nc6 6. O-O Qb6 7. Nxc6 bxc6 8.
c4 Bb7 9. Nc3 c5 10. b3 Bxg2 11. Kxg2 Be7 12. e4 d6 13. Qe2 Nd7 14. Bb2 O-O 15.
Rad1 Rad8 16. h4 Bf6 17. h5 h6 18. Kh2 Qc6 19. f4 Bd4 20. Nb5 e5 21. Bxd4 exd4
22. Nxa7 Qb7 23. Nb5 Nf6 24. Qf3 Qxe4 25. Qxe4 Nxe4 26. Rfe1 f5 27. a4 d5 28.
cxd5 Rxd5 29. Rc1 Nd2 30. Re7 Nxb3 31. Rd1 d3 32. Nc7 Rd6 33. Ne6 Rf7 34. Re8+
Kh7 35. Nf8+ Rxf8 36. Rxf8 c4 37. Rc8 Rd4 38. Kg2 Re4 39. Rc7 Re2+ 40. Kh3 d2
41. Rxc4 Re1 42. Rxd2 Nxd2 43. Rc5 Ne4 44. Rxf5 Ra1 45. Re5 Rxa4 46. g4 Ra3+ 47.
Kh2 Nf6 0-1

[Event "25th Czech Rapid G1 2014"]
[Site "Pardubice CZE"]
[Date "2014.07.16"]
[Round "2.7"]
[White "Megaranto, Susanto"]
[Black "Muhammad, Luthfi Ali"]
[Result "1/2-1/2"]
[WhiteTitle "GM"]
[BlackTitle "FM"]
[WhiteElo "2532"]
[BlackElo "2336"]
[WhiteFideId "7101384"]
[BlackFideId "7103743"]
[EventDate "2014.07.16"]

1. d4 Nf6 2. Nf3 g6 3. Bg5 Bg7 4. Nbd2 O-O 5. e3 d6 6. Be2 Nbd7 7. O-O e5 8. c3
Qe7 9. a4 h6 10. Bh4 g5 11. Bg3 Nh5 12. dxe5 Nxg3 13. hxg3 Nxe5 14. Nxe5 Bxe5
15. e4 Bd7 16. Bg4 Rae8 17. Qf3 Kg7 18. Nc4 Bxg4 19. Qxg4 Qe6 20. Qxe6 Rxe6 21.
g4 Rh8 22. g3 h5 23. gxh5 Rxh5 24. Kg2 Bf6 25. Kf3 Rh8 26. Rfe1 Rhe8 27. Rad1
g4+ 28. Kf4 Kg6 29. e5 Bxe5+ 30. Kxg4 Bxc3 31. Rxe6+ Rxe6 32. Nxd6 Bxb2 33. Nxb7
Re4+ 34. f4 f5+ 35. Kh3 Rxa4 36. Rd2 Bd4 37. Rc2 Bb6 38. Nc5 Rd4 39. Ne6 Rd5 40.
Nxc7 Rc5 41. Rxc5 Bxc5 42. g4 a5 43. Kg3 a4 44. Nb5 Kf6 45. gxf5 Kxf5 46. Kf3 a3
47. Nxa3 1/2-1/2

[Event "25th Czech Rapid G1 2014"]
[Site "Pardubice CZE"]
[Date "2014.07.16"]
[Round "2.8"]
[White "Cvek, Robert"]
[Black "Golubov, Saveliy"]
[Result "1-0"]
[WhiteTitle "GM"]
[WhiteElo "2516"]
[BlackElo "2339"]
[WhiteFideId "307424"]
[BlackFideId "24176729"]
[EventDate "2014.07.16"]

1. c4 Nf6 2. Nc3 c5 3. Nf3 b6 4. g3 Bb7 5. Bg2 e6 6. O-O Be7 7. b3 O-O 8. Bb2 d6
9. e3 Nbd7 10. Qe2 a6 11. Rfd1 Qc7 12. d4 cxd4 13. Nxd4 Bxg2 14. Kxg2 Rac8 15.
Rac1 Qb7+ 16. Qf3 Qxf3+ 17. Nxf3 Nc5 18. Ba3 Rfd8 19. Bxc5 dxc5 20. Na4 Rxd1 21.
Rxd1 b5 22. Nc3 bxc4 23. bxc4 Rb8 24. Ne5 Rb2 25. Rb1 Rxb1 26. Nxb1 Ne4 27. Nd3
Kf8 28. Kf3 Nf6 29. Nc3 Ke8 30. Na4 Nd7 31. e4 Kd8 32. e5 Kc7 33. Ke4 Kc6 34. f4
g6 35. g4 Bd8 36. g5 Be7 37. Nf2 Nb6 38. Nb2 Bf8 39. Ng4 Bg7 40. Kd3 Nc8 41. Nd1
Ne7 42. Nde3 Kc7 43. Nf2 h5 44. Ne4 Kc6 45. Nd6 Kd7 46. Nxf7 Nc8 47. Ng2 Ke7 48.
Nd6 Nxd6 49. exd6+ Kxd6 50. Ke4 Ke7 51. Nh4 Kf7 52. Nf3 Bc3 53. Ne5+ Kg7 54. Nd7
Bd4 55. Nb8 h4 56. h3 Kf7 57. Nxa6 Ke7 58. Nc7 Kd7 59. Nb5 Bb2 60. a4 Bc1 61. a5
Kc6 62. a6 Bb2 63. a7 Kb7 64. Nc7 Kxa7 65. Nxe6 1-0

[Event "25th Czech Rapid G1 2014"]
[Site "Pardubice CZE"]
[Date "2014.07.16"]
[Round "2.9"]
[White "Korinek, Ondrej"]
[Black "Pavlidis, Antonios"]
[Result "0-1"]
[WhiteTitle "FM"]
[BlackTitle "IM"]
[WhiteElo "2331"]
[BlackElo "2479"]
[WhiteFideId "319856"]
[BlackFideId "4212312"]
[EventDate "2014.07.16"]

1. e4 c5 2. Nf3 e6 3. d4 cxd4 4. Nxd4 Nc6 5. Nb5 d6 6. c4 Nf6 7. N1c3 a6 8. Na3
Be7 9. Be2 O-O 10. O-O b6 11. Be3 Bb7 12. f3 Rc8 13. Rc1 Nd7 14. Qd2 Nc5 15. Nc2
Qc7 16. Rfd1 Qb8 17. Nd4 Rfd8 18. Qe1 Ne5 19. Qf2 Ng6 20. Kh1 Bh4 21. Qg1 Bf6
22. Nb3 Be5 23. Bd4 Bf4 24. Be3 Be5 25. Bd4 Qc7 26. Rd2 Bf4 27. Be3 Be5 28. Bd4
Bf4 29. Be3 Bxe3 30. Qxe3 Nxb3 31. axb3 Qc5 32. Qxc5 dxc5 33. Rcd1 Rxd2 34. Rxd2
Bc6 35. Kg1 Kf8 36. Kf2 Ke7 37. g3 f6 38. f4 Nf8 39. Ke3 Nd7 40. Bd3 h6 41. h4
Nb8 42. Bc2 Be8 43. Bd1 Nc6 44. Ne2 Bh5 45. Nc1 Bf7 46. Ne2 g5 47. fxg5 hxg5 48.
hxg5 fxg5 49. Nc3 Ne5 50. Rh2 Bg6 51. Be2 Rf8 52. Na4 Rd8 53. Rh1 Rd4 54. Nc3
Rd8 55. Na4 Rd4 56. Nc3 b5 57. cxb5 axb5 58. Bxb5 Rb4 59. Bc4 Nxc4+ 60. bxc4
Rxb2 61. Rb1 Rc2 62. Rb3 Bh5 63. e5 Bg6 64. Ra3 Bf5 65. Rb3 Kf7 66. Kf3 g4+ 67.
Kf4 Kg6 68. Ke3 Kg5 69. Ra3 Bg6 70. Ne2 Rxc4 71. Nf4 Re4+ 72. Kf2 Rxe5 73. Ra6
Bf5 74. Rc6 Kf6 75. Rc7 Be4 76. Ra7 Bf3 77. Rc7 Kf5 78. Rc8 Ke4 79. Rc6 Kd4 80.
Kf1 Bxc6 0-1

[Event "25th Czech Rapid G1 2014"]
[Site "Pardubice CZE"]
[Date "2014.07.16"]
[Round "2.10"]
[White "Yuffa, Daniil"]
[Black "Michenka, Jozef"]
[Result "1/2-1/2"]
[WhiteTitle "IM"]
[BlackTitle "IM"]
[WhiteElo "2447"]
[BlackElo "2326"]
[WhiteFideId "24131423"]
[BlackFideId "301175"]
[EventDate "2014.07.16"]

1. d4 Nf6 2. c4 e6 3. g3 d5 4. Nf3 dxc4 5. Bg2 Bb4+ 6. Bd2 a5 7. O-O O-O 8. Bg5
Nc6 9. e3 h6 10. Bxf6 Qxf6 11. a3 Bd6 12. Nc3 e5 13. d5 Ne7 14. Nd2 Qg6 15. Nxc4
f5 16. Nb5 f4 17. exf4 exf4 18. Nbxd6 cxd6 19. Re1 Qf6 20. Qd2 fxg3 21. hxg3 Nf5
22. Nb6 Ra6 23. Nxc8 Rxc8 24. Rad1 Rb6 25. Re2 Rb3 26. Qxa5 Rxb2 27. Rxb2 Qxb2
28. Qa4 Rf8 29. Bh3 Ne7 30. Be6+ Kh8 31. Rf1 Ng6 32. Qb4 Qxb4 33. axb4 Ne5 34.
f4 Nd3 35. Rd1 Nxb4 36. Rb1 Nd3 37. Rxb7 Nc5 38. Rb6 Rd8 39. Kf2 Kh7 40. Ke3 Kg6
41. Kd4 Kf6 42. Bh3 h5 43. Rc6 g6 44. Rc7 Re8 45. Rc6 Re4+ 46. Kc3 Re3+ 47. Kd4
Re4+ 48. Kc3 Re3+ 49. Kd4 Re4+ 50. Kc3 Re3+ 51. Kd4 Re4+ 52. Kc3 Re3+ 53. Kd4 1/2-1/2

[Event "25th Czech Rapid G1 2014"]
[Site "Pardubice CZE"]
[Date "2014.07.16"]
[Round "2.11"]
[White "Mozharov, Mikhail"]
[Black "Bystrov, Sergej M."]
[Result "1-0"]
[WhiteTitle "GM"]
[BlackTitle "IM"]
[WhiteElo "2540"]
[BlackElo "2280"]
[WhiteFideId "4189825"]
[BlackFideId "4118561"]
[EventDate "2014.07.16"]

1. d4 d5 2. c4 c6 3. Nf3 Nf6 4. e3 Bf5 5. Nc3 e6 6. Bd3 Bxd3 7. Qxd3 Nbd7 8. O-O
Bd6 9. e4 dxe4 10. Nxe4 Nxe4 11. Qxe4 Nf6 12. Qe2 O-O 13. Rd1 Qc7 14. Bg5 Bf4
15. Bxf6 gxf6 16. d5 Rfe8 17. dxe6 fxe6 18. g3 Bh6 19. Rd3 e5 20. Rad1 Rad8 21.
Nh4 Rxd3 22. Rxd3 Rd8 23. Qg4+ Kh8 24. Rxd8+ Qxd8 25. Qe6 Bf8 26. Nf5 1-0

[Event "25th Czech Rapid G1 2014"]
[Site "Pardubice CZE"]
[Date "2014.07.16"]
[Round "2.12"]
[White "Kozlitin, Oleg"]
[Black "Vishnu Prasanna, V"]
[Result "0-1"]
[WhiteTitle "IM"]
[BlackTitle "GM"]
[WhiteElo "2331"]
[BlackElo "2459"]
[WhiteFideId "4143590"]
[BlackFideId "5030692"]
[EventDate "2014.07.16"]

1. e4 c5 2. Nf3 d6 3. d4 cxd4 4. Nxd4 Nf6 5. Nc3 Nc6 6. Bg5 e6 7. Qd2 a6 8.
O-O-O Bd7 9. f4 b5 10. Nxc6 Bxc6 11. e5 dxe5 12. Qxd8+ Rxd8 13. Rxd8+ Kxd8 14.
fxe5 h6 15. Bh4 g5 16. Bg3 Nh5 17. Bf2 Bg7 18. a4 b4 19. Na2 a5 20. Bb6+ Kd7 21.
Bxa5 Ra8 22. Bxb4 Rxa4 23. Kb1 Bxe5 24. Bc3 Bxc3 25. Nxc3 Rd4 26. Bb5 Rd2 27. g4
Nf4 28. h4 Bxb5 29. Nxb5 f5 30. hxg5 hxg5 31. Nc3 Ne2 32. Rh7+ Ke8 33. Nxe2 Rxe2
34. gxf5 exf5 35. Rh5 Rg2 36. Rh8+ Kd7 37. Rh7+ Ke6 38. Rh6+ Ke5 39. Kc1 f4 40.
Kd1 f3 41. b4 Rg1+ 42. Kd2 f2 0-1

[Event "25th Czech Rapid G1 2014"]
[Site "Pardubice CZE"]
[Date "2014.07.16"]
[Round "2.17"]
[White "Dolezal, Radoslav1"]
[Black "Tokranovs, Dmitrijs"]
[Result "1-0"]
[WhiteTitle "IM"]
[WhiteElo "2368"]
[BlackElo "2297"]
[WhiteFideId "304735"]
[BlackFideId "11603011"]
[EventDate "2014.07.16"]

1. d4 d5 2. Nf3 c6 3. c4 e6 4. Nbd2 Nf6 5. e3 Nbd7 6. Bd3 b6 7. O-O Bb7 8. e4
dxe4 9. Nxe4 Be7 10. Nxf6+ Nxf6 11. Be3 Rc8 12. Qa4 Qc7 13. Rac1 O-O 14. c5 b5
15. Qc2 h6 16. Rfe1 Nd5 17. Bd2 Bf6 18. Re4 Rfd8 19. Rce1 Ne7 20. Rg4 h5 21. Rf4
Nd5 22. Rfe4 g6 23. a3 Rd7 24. g4 hxg4 25. Rxg4 Bg7 26. Bg5 Re8 27. Ne5 Bxe5 28.
dxe5 Ne7 29. Bf6 Nd5 30. Bxg6 Nxf6 31. exf6 e5 32. Bf5+ Kf8 33. Bh7 1-0

[Event "25th Czech Rapid G1 2014"]
[Site "Pardubice CZE"]
[Date "2014.07.16"]
[Round "2.18"]
[White "Ageichenko, Genadi A"]
[Black "Hnydiuk, Aleksander"]
[Result "1-0"]
[WhiteTitle "IM"]
[BlackTitle "IM"]
[WhiteElo "2297"]
[BlackElo "2375"]
[WhiteFideId "4105222"]
[BlackFideId "1109057"]
[EventDate "2014.07.16"]

1. d4 Nf6 2. c4 e6 3. Nf3 d5 4. Nc3 c5 5. cxd5 Nxd5 6. e4 Nxc3 7. bxc3 cxd4 8.
cxd4 Bb4+ 9. Bd2 Bxd2+ 10. Qxd2 O-O 11. Bc4 Nd7 12. O-O b6 13. Rfe1 Bb7 14. Rad1
Rc8 15. Bb3 h6 16. Qf4 Qf6 17. Qg3 Rfd8 18. e5 Qe7 19. Nd2 b5 20. Qd3 Qg5 21.
Ne4 Bxe4 22. Qxe4 Nb6 23. h4 Qh5 24. d5 exd5 25. Bxd5 Nxd5 26. Rxd5 Rxd5 27.
Qxd5 Qxh4 28. e6 Qe7 29. Qd7 Rc7 30. Qxc7 1-0

[Event "25th Czech Rapid G1 2014"]
[Site "Pardubice CZE"]
[Date "2014.07.16"]
[Round "2.27"]
[White "Rodionova, Polina"]
[Black "Vrana, Jan"]
[Result "0-1"]
[WhiteTitle "WFM"]
[BlackTitle "FM"]
[WhiteElo "2138"]
[BlackElo "2374"]
[WhiteFideId "24102555"]
[BlackFideId "322369"]
[EventDate "2014.07.16"]

1. e4 e5 2. Nf3 Nc6 3. Nc3 Nf6 4. d4 Bb4 5. Nxe5 Qe7 6. Qd3 Nxe5 7. dxe5 Qxe5 8.
Bd2 O-O 9. O-O-O Bxc3 10. Bxc3 Qf4+ 11. Rd2 Qxe4 12. Qg3 Qe6 13. Bxf6 Qxf6 14.
Qxc7 d5 15. Bb5 Be6 16. Kb1 Rfc8 17. Qg3 Rc5 18. Ba4 a5 19. Rhd1 g6 20. Bb3 a4
21. Bxd5 a3 22. bxa3 Bxd5 23. Rxd5 Rxd5 24. Rxd5 Re8 25. Rd1 Re6 26. c3 Re2 27.
Rd6 Qe7 28. Qd3 Rxf2 29. Rd8+ Kg7 30. Qd4+ Qf6 31. Rb8 Qxd4 32. cxd4 Rxg2 33.
Rxb7 Rd2 34. Rb4 f5 35. a4 f4 36. d5 g5 37. Kc1 Rxd5 38. Rb5 Rd4 39. Rxg5+ Kf6
40. Rg2 Rxa4 41. Kd1 Ra3 42. Rb2 Kf5 43. Ke1 h5 44. Kf2 h4 45. Rb5+ Kg4 46. Rb2
h3 47. Ke2 Rc3 48. Kf2 Rc1 49. Rb8 Rc2+ 50. Kg1 Rxa2 51. Rb3 Re2 52. Ra3 Rd2 53.
Rb3 f3 54. Rb4+ Kg5 55. Rb5+ Kf4 56. Rb4+ Ke3 57. Rb1 Ke2 58. Rf1 Rd4 59. Rf2+
Ke3 60. Rf1 Rd2 61. Kh1 Re2 62. Kg1 f2+ 63. Kh1 Re1 0-1

[Event "25th Czech Rapid G1 2014"]
[Site "Pardubice CZE"]
[Date "2014.07.16"]
[Round "2.28"]
[White "Holy, Filip"]
[Black "Sergeyev, Alexander"]
[Result "0-1"]
[BlackTitle "FM"]
[WhiteElo "1733"]
[BlackElo "2389"]
[WhiteFideId "358762"]
[BlackFideId "13702076"]
[EventDate "2014.07.16"]

1. d4 d5 2. Nf3 Nf6 3. Bf4 c5 4. c3 Qb6 5. Qb3 Nc6 6. e3 Bf5 7. dxc5 Qxc5 8.
Qxb7 Rc8 9. Qb5 Nd7 10. Qxc5 Nxc5 11. Nd4 Bd3 12. Nxc6 Rxc6 13. Be2 f6 14. Nd2
e5 15. Bg3 Kf7 16. Nb3 Bxe2 17. Kxe2 Na4 18. Rab1 Bd6 19. Rhd1 Ke6 20. Rd2 Rxc3
21. Rbd1 Rc6 22. Na5 Ra6 23. Rxd5 Nxb2 24. Nb7 Nxd1 0-1

[Event "25th Czech Rapid G1 2014"]
[Site "Pardubice CZE"]
[Date "2014.07.16"]
[Round "2.29"]
[White "Pribyl, Josef"]
[Black "Janocko, Petr"]
[Result "1-0"]
[WhiteTitle "IM"]
[WhiteElo "2269"]
[BlackElo "2039"]
[WhiteFideId "300187"]
[BlackFideId "320099"]
[EventDate "2014.07.16"]

1. d4 Nf6 2. Nf3 d5 3. Bg5 c6 4. Bxf6 exf6 5. e3 Bd6 6. c4 Bb4+ 7. Nc3 O-O 8.
cxd5 cxd5 9. Bd3 Nc6 10. O-O Bg4 11. h3 Bxf3 12. Qxf3 Ne7 13. Rac1 Bxc3 14. bxc3
Qa5 15. Rc2 Rad8 16. Rb1 Rd7 17. Rb5 Qa3 18. Rb3 Qa5 19. Qh5 g6 20. Qh6 Rc8 21.
e4 Rdc7 22. Qf4 dxe4 23. Bxe4 Rxc3 24. Qd2 b6 25. Rbxc3 1-0

[Event "25th Czech Rapid G1 2014"]
[Site "Pardubice CZE"]
[Date "2014.07.16"]
[Round "2.30"]
[White "Petr, Martin"]
[Black "Yakimenko, Alexander A."]
[Result "0-1"]
[WhiteTitle "GM"]
[WhiteElo "2540"]
[BlackElo "2142"]
[WhiteFideId "318299"]
[BlackFideId "24141917"]
[EventDate "2014.07.16"]

1. e4 e6 2. d4 d5 3. Nc3 Bb4 4. e5 c5 5. a3 Bxc3+ 6. bxc3 Qa5 7. Bd2 Qa4 8. Nf3
Nc6 9. Bd3 c4 10. Be2 Nge7 11. h4 Bd7 12. h5 h6 13. O-O O-O-O 14. Re1 Rdf8 15.
Bf4 Kb8 16. Qd2 Ka8 17. Nh2 Nf5 18. Bg4 Nfe7 19. Bh3 Bc8 20. Nf1 Rhg8 21. Ne3
Rh8 22. Bg3 Rhg8 23. Bh4 Rh8 24. f4 Rhg8 25. Rf1 f5 26. exf6 gxf6 27. Kh2 f5 28.
g3 Bd7 29. Bg2 Nc8 30. Nxd5 exd5 31. Bxd5 Nd6 32. Bxg8 Rxg8 33. d5 Ne4 34. Qc1
Nb8 35. Qb2 Na6 36. Rad1 Nc7 37. d6 Nb5 38. Qc1 Nbxc3 39. Rde1 Qc6 40. Re3 Qxd6
41. Qe1 Qd4 42. Rff3 Nd5 43. c3 Qd2+ 44. Re2 Qxe1 45. Rxe1 Ndxc3 46. Bf6 Nd5 47.
Be5 Bc6 48. Rc1 c3 49. Kh3 b5 50. Bxc3 Ndxc3 51. Rfxc3 Nxc3 52. Rxc3 Kb7 53. Kh4
Kb6 54. Rc2 a5 55. Rd2 Kc5 0-1

[Event "25th Czech Rapid G1 2014"]
[Site "Pardubice CZE"]
[Date "2014.07.16"]
[Round "2.31"]
[White "Chernyshov, Konstantin"]
[Black "Bibik, Jura"]
[Result "1-0"]
[WhiteTitle "GM"]
[BlackTitle "IM"]
[WhiteElo "2508"]
[BlackElo "2228"]
[WhiteFideId "4117328"]
[BlackFideId "4113071"]
[EventDate "2014.07.16"]

1. d4 d5 2. Nf3 Bf5 3. g3 c6 4. Bg2 Nf6 5. O-O e6 6. b3 h6 7. Ba3 Bxa3 8. Nxa3
O-O 9. c4 a5 10. Nc2 Nbd7 11. Ne3 Be4 12. Qc1 Re8 13. Qc3 Qe7 14. Rfd1 Qb4 15.
Rac1 Qxc3 16. Rxc3 a4 17. b4 dxc4 18. Rxc4 Nb6 19. Rc5 a3 20. Ne5 Bxg2 21. Kxg2
Red8 22. Rd3 Ra4 23. Nc2 Rda8 24. Rb3 Ne4 25. Ra5 f6 26. Nd3 Nc4 27. Rxa4 Rxa4
28. Nc5 Nxc5 29. bxc5 e5 30. e3 exd4 31. exd4 Ra7 32. Rb4 Nb2 33. Kf3 Kf7 34.
Ke2 Ke6 35. Ne3 f5 36. f4 g5 37. Rb6 gxf4 38. gxf4 Ra4 39. d5+ Kd7 40. Rxb7+ Kc8
41. dxc6 Rxf4 42. Nd5 Re4+ 43. Kf3 1-0

[Event "25th Czech Rapid G1 2014"]
[Site "Pardubice CZE"]
[Date "2014.07.16"]
[Round "2.32"]
[White "Rjabzev, Konstantin"]
[Black "Sergeev, Vladimir"]
[Result "1-0"]
[WhiteTitle "IM"]
[BlackTitle "GM"]
[WhiteElo "2308"]
[BlackElo "2447"]
[WhiteFideId "4150015"]
[BlackFideId "14101076"]
[EventDate "2014.07.16"]

1. e4 c6 2. d4 d5 3. exd5 cxd5 4. c4 Nf6 5. Nc3 e6 6. Nf3 Bb4 7. Bd3 O-O 8. O-O
dxc4 9. Bxc4 Nc6 10. a3 Be7 11. Re1 Nd5 12. Ne4 b6 13. Ne5 Bb7 14. Ba2 Rc8 15.
Qd3 Ndb4 16. axb4 Nxe5 17. Qe3 Nc6 18. Bb1 a6 19. Qh3 g6 20. Bh6 Re8 21. Rd1
Nxb4 22. Nc3 Bf6 23. Be4 Bxe4 24. Nxe4 Be7 25. Bf4 a5 26. Be5 f5 27. Nc3 Bf6 28.
Qg3 Bh4 29. Qe3 Bg5 30. Qe2 Qd7 31. g3 Nd5 32. h4 Be7 33. h5 Nxc3 34. bxc3 Bd6
35. hxg6 hxg6 36. c4 Kf7 37. Rab1 Rb8 38. Rb5 Qc6 39. Bxd6 Qxd6 40. Qf3 Rec8 41.
c5 Qc7 42. d5 e5 43. d6 Qc6 44. Qb3+ Kf6 45. d7 Rd8 46. Rd6+ Qxd6 47. cxd6 Rxd7
48. Rxb6 Rxb6 49. Qxb6 Ke6 50. Qxa5 Rxd6 51. Kg2 Kf6 52. Qc7 Re6 53. Kf3 e4+ 54.
Kf4 g5+ 55. Ke3 Re7 56. Qd8 Ke6 57. Qg8+ Kf6 58. Qf8+ Ke6 59. g4 fxg4 60. Kxe4
Rf7 61. Qg8 Kf6 62. Qh8+ Kg6 63. Qg8+ Kf6 64. Ke3 Re7+ 65. Kd2 Rd7+ 66. Ke2 Re7+
67. Kf1 Re4 68. Kg2 Rf4 69. Kg3 Kf5 70. Qf7+ Ke5 71. Qg6 Rf3+ 72. Kg2 Rf4 73.
Qxg5+ Ke4 74. Qe7+ Kf5 75. Qc5+ Kg6 76. Kg3 Rf5 77. Qd4 Rg5 78. Kh4 Rh5+ 79.
Kxg4 Rg5+ 80. Kf4 Rf5+ 81. Ke3 Rf7 82. f4 Kh7 83. Qd6 Kh8 84. Ke4 Rg7 85. Ke5
Rf7 86. f5 Rg7 87. Qf8+ Kh7 88. f6 Ra7 89. Qe7+ 1-0